000 01079nam a22002537a 4500
005 20180223121604.0
010 _aB-663897
020 _a9780545307710
_c550.00
035 _aB-663897
037 _adpl
_bPANSY/Ven
082 0 0 _aS
_222
100 1 _aStilton, Geronimo.
245 1 4 _aThe Amazing Voyage :
_bthe third adventure in the Kingdom of Fantasy /
_cGeronimo Stilton ; [illustrations by Danilo Barozzi ... et al.].
260 _aNew York :
_bScholastic
_c2011
270 _a557 Broadway
_bNew York
_eNY 10012
300 _a291p.:
_bcol. ill., col. maps ;
_c20cm(Hb)
520 _aGeronimo joins the effort to rescue Blossom, Queen of the Fairies, who has been kidnapped by the Queen of the Witches and taken to the Kingdom of Nightmares.
650 1 _aMice
_vFiction.
650 1 _aFairies
_vFiction.
650 1 _aAdventure and adventurers
_vFiction.
700 1 _aBarozzi, Danilo,
_eill.
942 _2ddc
_cCH
_hS
_mSTI
999 _c150126
_d150126